000 00630nam a2200169 4500
999 _c512741
_d512741
008 191213b ||||| |||| 00| 0 eng d
100 _aSouza, Siddharth Peter de
_914500
245 _a;The need for nudges by the Supreme Court of India: The case of the appointment and removal of the Governors in India
260 _bIndian Journal of Public Administration
300 _a65(2), Jun, 2019: p.390-408.
650 _aSupreme Court - India
_914501
650 _aNudge theory
_914502
700 _aAgarwala, Aayush
_914503
773 _aIndian Journal of Public Administration
906 _aGovernors - India
942 _2ddc
_cAR